000 01057nam a2200253Ia 4500
999 _c3706
_d3706
003 OSt
005 20200402143441.0
008 191128s1973 cu gr 000 0dspa d
040 _aCO-JMCR
_cCO-JMCR
041 0 _aspa
082 0 4 _a321.03 /
_bP657a
_221
100 1 _aPino-Santos, Oscar,
_eautor
_92454
245 1 3 _aEl asalto a Cuba por la oligarquía financiera yanqui /
_cOscar Pino-Santos
250 _aPrimera edición
260 _aLa Habana :
_bCasa de las Américas,
_c1973
300 _a234 paginas ;
_c19 cm.
500 _aIncluye biográfia del autor en solapa posterior.
504 _aBibliografía: páginas 229-234
505 0 _aEnsayo introductorio: las relaciones cubano-norteamericano durante el siglo XIX -- El período de la penetración y la rivalidad interimperialista (1898-1913) -- El asalto a cuba por la oligarquía financiera yanqui (1914-1925)
650 1 4 _aDependencia económica
_92455
650 1 4 _aEstados Unidos
_ximperialismo
_y1898-1958
_92456
650 1 4 _aCuba
_xrelaciones exteriores
_92457
942 _2ddc
_cBK